Территориальное управление в новых хозяйственных условиях

Dades bibliogràfiques
Autor principal: Васьков С. Т. Сергей Тимофеевич
Sumari:Исключено из фонда НТБ ТПУ
Idioma:rus
Publicat: Москва, Экономика, 1990
Format: MixedMaterials Llibre
KOHA link:https://koha.lib.tpu.ru/cgi-bin/koha/opac-detail.pl?biblionumber=247327

MARC

LEADER 00000nam0a2200000 4500
001 247327
005 20231031212027.0
010 |a 5282007428 
035 |a (RuTPU)RU\TPU\book\268812 
090 |a 247327 
100 |a 20131223d1990 k y0rusy50 ca 
101 0 |a rus 
102 |a RU 
105 |a y z 001zy 
200 1 |a Территориальное управление в новых хозяйственных условиях  |f С. Т. Васьков 
210 |a Москва  |c Экономика  |d 1990 
215 |a 191 с. 
320 |a Библиогр. в примеч. 
333 |a Исключено из фонда НТБ ТПУ 
700 1 |a Васьков  |b С. Т.  |g Сергей Тимофеевич 
801 1 |a RU  |b 63413507  |c 20131223 
801 2 |a RU  |b 63413507  |c 20170131  |g RCR 
942 |c BK